Diccionario de escritores, maestros y oradores naturales de Sevilla y su actual provincia / (Record no. 101998)

MARC details
000 -LEADER
campo de control de longitud fija 00967nam a2200229 i 4500
001 - NÚMERO DE CONTROL
campo de control 101998
003 - IDENTIFICADOR DE NÚMERO DE CONTROL
campo de control ES-MaACL
005 - FECHA Y HORA DE LA ÚLTIMA TRANSACCIÓN
campo de control 20251120063135.0
007 - CAMPO FIJO DE DESCRIPCIÓN FÍSICA--INFORMACIÓN GENERAL
campo de control de longitud fija t|
008 - DATOS DE LONGITUD FIJA--INFORMACIÓN GENERAL
campo de control de longitud fija 051028s1922 sp ||||1| spa d
100 1# - ENTRADA PRINCIPAL--NOMBRE DE PERSONA
Nombre de persona Méndez Bejarano, Mario,
Fechas asociadas al nombre 1857-1931
9 (RLIN) 80142
245 10 - MENCIÓN DEL TÍTULO
Título Diccionario de escritores, maestros y oradores naturales de Sevilla y su actual provincia /
Mención de responsabilidad, etc. por Mario Méndez Bejarano.
260 ## - PUBLICACIÓN, DISTRIBUCIÓN, ETC.
Lugar de publicación, distribución, etc. Sevilla :
Nombre del editor, distribuidor, etc. Gironés,
Fecha de publicación, distribución, etc. 1922.
300 ## - DESCRIPCIÓN FÍSICA
Extensión 3 v. ;
Dimensiones 27 cm.
505 8# - NOTA DE CONTENIDO CON FORMATO
Nota de contenido con formato Contiene: T. 1. A-LL (XI, 471 p.) -- t. 2. M-S (435 p.) -- t. 3. 1ª pte. T-Z; 2ª pte. Hebreos y musulmanes. Apéndice e índices (318 p.)
530 ## - NOTA DISPONIBLE DE FORMULARIO FÍSICO ADICIONAL
Nota de formato físico adicional disponible Disponible en formato digital.
650 #4 - PUNTO DE ACCESO ADICIONAL DE MATERIA--TÉRMINO DE MATERIA
Término de materia o nombre geográfico como elemento de entrada Escritores españoles-
Subdivisión geográfica Sevilla (Provincia)-
Subdivisión de forma Biobibliografías.
9 (RLIN) 161195
852 ## - LOCALIZACIÓN
Ubicación ES-MaACL
Número de control de estantería G-5813-15
Ubicación en estantería Depósito 2
856 4# - LOCALIZACIÓN Y ACCESO ELECTRÓNICOS
Identificador Uniforme de Recursos <a href="http://bdh-rd.bne.es/viewer.vm?id=0000146323&page=1 ">http://bdh-rd.bne.es/viewer.vm?id=0000146323&page=1 </a>
Texto de enlace (Biblioteca Digital Hispánica)
942 ## - ELEMENTOS DE ENTRADA SECUNDARIOS (KOHA)
Fuente del sistema de clasificación o colocación Clasificación decimal universal
Holdings
Estatus retirado Estado de pérdida Estado de daño No para préstamo Colección Biblioteca de origen Biblioteca actual Ubicación en estantería Fecha de adquisición Fuente de adquisición Total de préstamos Signatura topográfica completa Código de barras Visto por última vez Precio de reemplazo Tipo de ítem Koha
        Colección digital Biblioteca del Ateneo de Madrid Biblioteca del Ateneo de Madrid Depósito 2 17/01/2008     G-5813-15 1106482 23/02/2023 23/02/2023 Libro impreso